000 00525nam a22001697a 4500
999 _c41033
_d41033
003 OSt
005 20231211121056.0
008 210226b ||||| |||| 00| 0 eng d
020 _a9789351776420
040 _coclc
082 _a954.83
_bPIL/I
100 _aPillai, Manu S
_93242
245 _aThe Ivory Throne /
_bChronicles Of The House Of Travancore
_cManu S Pillai
260 _aNew Delhi:
_bHarper Collins Publishers,
_c2015.
300 _a694p
942 _2ddc
_cBK
_h954.83
_iPIL/I
_k954.83
_mPIL/I